The need to re-assess university education in building management and quantity surveying (Record no. 93585)

MARC details
000 -LEADER
fixed length control field 00584cam a2200217 4500
001 - CONTROL NUMBER
control field B3312
008 - FIXED-LENGTH DATA ELEMENTS--GENERAL INFORMATION
fixed length control field 090401t1990 xxu||||| |||| 00| 0 eng d
035 ## - SYSTEM CONTROL NUMBER
System control number (Sirsi) u55252
041 ## - LANGUAGE CODE
Language code of text/sound track or separate title eng
050 ## - LIBRARY OF CONGRESS CALL NUMBER
Classification number 692.5071168
100 ## - MAIN ENTRY--PERSONAL NAME
Personal name Boaden, Bruce
245 #4 - TITLE STATEMENT
Title The need to re-assess university education in building management and quantity surveying
260 ## - PUBLICATION, DISTRIBUTION, ETC.
Place of publication, distribution, etc. Cape Town
Name of publisher, distributor, etc. University of Cape Town
Date of publication, distribution, etc. 1990
300 ## - PHYSICAL DESCRIPTION
Extent (12) leaves ; 30cm.
350 ## - PRICE (NR) (BK AM CF MU VM SE) [OBSOLETE]
Price 0
650 ## - SUBJECT ADDED ENTRY--TOPICAL TERM
Topical term or geographic name entry element SOUTH AFRICA
650 ## - SUBJECT ADDED ENTRY--TOPICAL TERM
Topical term or geographic name entry element UNIVERSITIES
700 ## - ADDED ENTRY--PERSONAL NAME
Personal name Stevens, Alan
942 ## - ADDED ENTRY ELEMENTS (KOHA)
Suppress in OPAC 0
948 ## - LOCAL PROCESSING INFORMATION (OCLC); SERIES PART DESIGNATOR (RLIN)
c (OCLC) 04/03/1997
Holdings
Withdrawn status Lost status Source of classification or shelving scheme Damaged status Not for loan Home library Current library Shelving location Date acquired Total Checkouts Full call number Barcode Date last seen Copy number Price effective from Koha item type
    Dewey Decimal Classification     London London Property market reports 14/09/1999   PROPERTY MARKET REPORTS 30028233 06/08/2019 1 06/08/2019 Book